|
|
|
|
| LEADER |
00985nam a22002532a 4500 |
| 001 |
001744404 |
| 003 |
CZ BrMZK |
| 005 |
20240423135930.0 |
| 007 |
ta |
| 008 |
200422s1955 ru er|||||||||||rus d |
| 040 |
|
|
|a ABA001
|b cze
|c ABA001
|d ABA001
|d BOA001
|
| 041 |
1 |
|
|a rus
|h eng
|
| 245 |
0 |
0 |
|a Kanada :
|b geografičeskije rajony /
|c Donald Fulton Putnam ... [et al.] ; sokrašč. perevod s anglijskogo i predislovije V.M. Gochmana i L.N. Karpova
|
| 260 |
|
|
|a Moskva :
|b Izd. inostran. lit.,
|c 1955
|
| 300 |
|
|
|a 578 s., příl
|
| 700 |
1 |
|
|a Putnam, Donald Fulton
|4 aut
|
| 700 |
1 |
|
|a Gochman, Veniamin Maksovič,
|d 1918-1986
|7 mzk20241223738
|4 trl
|
| 700 |
1 |
|
|a Karpov, Lev Nikolajevič
|4 trl
|
| 765 |
0 |
8 |
|t Canadian regions
|
| 910 |
|
|
|a BOA001
|b 3-0350.984
|
| 990 |
|
|
|a BK
|
| 991 |
|
|
|b 202004
|
| 996 |
7 |
|
|b 2618876379
|c 3-0350.984
|l MZK
|r Sklad / do 1 hodiny
|n 0
|w 001796442
|u 000020
|a 1
|e BOA001
|j MZK50
|s A
|
| 996 |
7 |
|
|b 2618876380
|c 3-0350.984
|l MZK
|r Sklad / do 1 hodiny
|n 0
|w 001796442
|u 000010
|a 1
|e BOA001
|j MZK50
|s A
|